<?xml version="1.0" encoding="UTF-8"?>
<record
    xmlns:xsi="http://www.w3.org/2001/XMLSchema-instance"
    xsi:schemaLocation="http://www.loc.gov/MARC21/slim http://www.loc.gov/standards/marcxml/schema/MARC21slim.xsd"
    xmlns="http://www.loc.gov/MARC21/slim">

  <leader>02518nam a2200325 a 4500</leader>
  <controlfield tag="001">000015398</controlfield>
  <controlfield tag="003">DO-SdBNP</controlfield>
  <controlfield tag="005">20210505121653.0</controlfield>
  <controlfield tag="007">000015398</controlfield>
  <controlfield tag="008">100208s2003    dr c          000 0 spa d</controlfield>
  <datafield tag="020" ind1=" " ind2=" ">
    <subfield code="a">9993427039</subfield>
  </datafield>
  <datafield tag="040" ind1=" " ind2=" ">
    <subfield code="a">BPMSU</subfield>
    <subfield code="b">spa</subfield>
    <subfield code="c">BPMSU</subfield>
  </datafield>
  <datafield tag="082" ind1=" " ind2=" ">
    <subfield code="2"> </subfield>
    <subfield code="a">972.93053</subfield>
    <subfield code="b">D559u</subfield>
  </datafield>
  <datafield tag="092" ind1=" " ind2=" ">
    <subfield code="a"> </subfield>
  </datafield>
  <datafield tag="100" ind1="1" ind2=" ">
    <subfield code="a">Diederich, Bernard</subfield>
    <subfield code="d">1926 -</subfield>
  </datafield>
  <datafield tag="245" ind1="1" ind2="0">
    <subfield code="a">Una c&#xE1;mara testigo de la historia :</subfield>
    <subfield code="b">el recorrido dominicano de un cronista extranjero 1951-1966 /</subfield>
    <subfield code="c">Bernard Diederich ; introducci&#xF3;n Bernardo Vega.</subfield>
  </datafield>
  <datafield tag="260" ind1=" " ind2=" ">
    <subfield code="a">Santo Domingo :</subfield>
    <subfield code="b">Fundaci&#xF3;n Global y Desarrollo:</subfield>
    <subfield code="b">Fundaci&#xF3;n Cultural Dominicana,</subfield>
    <subfield code="c">2003.</subfield>
  </datafield>
  <datafield tag="300" ind1=" " ind2=" ">
    <subfield code="a">268 p. :</subfield>
    <subfield code="b">il. ;</subfield>
    <subfield code="c">31 cm.</subfield>
  </datafield>
  <datafield tag="500" ind1=" " ind2=" ">
    <subfield code="a">Incluye &#xED;ndices</subfield>
  </datafield>
  <datafield tag="504" ind1=" " ind2=" ">
    <subfield code="a">Incluye referencias bibliogr&#xE1;ficas (p. 249-256)</subfield>
  </datafield>
  <datafield tag="505" ind1="1" ind2=" ">
    <subfield code="t">Patrocinadores --</subfield>
    <subfield code="t">Introducci&#xF3;n Diesis&#xE9;is a&#xF1;os de historia dominicana a trav&#xE9;s del lente de Bernard Diederich (1951-1966)</subfield>
    <subfield code="r">Bernardo Vega --</subfield>
    <subfield code="t">El por qu&#xE9; de andar con una c&#xE1;mara /</subfield>
    <subfield code="r">Bernard Diederich --</subfield>
    <subfield code="t">&#xBF;Qui&#xE9;n es Bernard Diederich? Breve biograf&#xED;a y colecci&#xF3;n de fotos de sus "etapas" y corresponsal&#xED;as --</subfield>
    <subfield code="t">Primer Contacto con la Rep&#xFA;blica Dominicana. 1951-1961 -- 1951: El abrazo armado de Rafael L. Trujillo y Paul E. Magloire -- 1958: Duvalier y Trujillo -- 1960: Febrero. represi&#xF3;n en Ciudad Trujillo -- Castigo continuo -- Un "accidente" en la carretera -- 1961: La muerte del dictador --</subfield>
    <subfield code="t">Los partidos de oposici&#xF3;n y la lucha contra Ramfis y Balaguer</subfield>
    <subfield code="t">Breve ensayo de democracia Febrero-Septiembre 1963 -- Despues del golpe de Estado de 1963 --</subfield>
    <subfield code="t">A las puertas de una Guerra Civil 1963-1965 -- Incidente tr&#xE1;gico frente al palacio --</subfield>
    <subfield code="t">La guerra de Abril y la intervenci&#xF3;n militar norteamericana. Abril 1965-Septiembre 1966 -- Dos Gobiernos: una ciudad dividida y alambrada -- Uno de tantos -- 1966 --</subfield>
    <subfield code="t">Los interventores se van</subfield>
    <subfield code="t">Ep&#xED;logo a manera de dedicatoria "no pictures, please", Bernard Diederich (2001) --</subfield>
    <subfield code="t">Cronolog&#xED;a o marco hist&#xF3;rico de la etapa cubierta en esta obra (1951-1966) --</subfield>
    <subfield code="t">Bibliograf&#xED;a General --</subfield>
    <subfield code="t">&#xCD;ndice Onom&#xE1;stico.</subfield>
  </datafield>
  <datafield tag="651" ind1=" " ind2="4">
    <subfield code="a">Rep&#xFA;blica Dominicana </subfield>
    <subfield code="x">Historia </subfield>
    <subfield code="y">Era de Trujillo, 1930-1961</subfield>
    <subfield code="x">Fotograf&#xED;as </subfield>
  </datafield>
  <datafield tag="651" ind1=" " ind2="4">
    <subfield code="a">Rep&#xFA;blica Dominicana </subfield>
    <subfield code="x">Historia </subfield>
    <subfield code="y">1961-1965</subfield>
    <subfield code="x">Fotograf&#xED;a </subfield>
  </datafield>
  <datafield tag="651" ind1=" " ind2="4">
    <subfield code="a">Rep&#xFA;blica Dominicana </subfield>
    <subfield code="x">Historia </subfield>
    <subfield code="y">Ocupaci&#xF3;n Norteamericana, 1965-1966 </subfield>
    <subfield code="x">Fotograf&#xED;as </subfield>
  </datafield>
  <datafield tag="700" ind1="1" ind2=" ">
    <subfield code="a">Vega, Bernardo</subfield>
  </datafield>
  <datafield tag="910" ind1=" " ind2=" ">
    <subfield code="a">VMateo /Validado. Control de calidad BNPHU</subfield>
  </datafield>
  <datafield tag="942" ind1=" " ind2=" ">
    <subfield code="2">ddc</subfield>
    <subfield code="c">BK</subfield>
  </datafield>
  <datafield tag="945" ind1=" " ind2=" ">
    <subfield code="a">Inventariado / 2017 VM</subfield>
  </datafield>
  <datafield tag="952" ind1=" " ind2=" ">
    <subfield code="0">0</subfield>
    <subfield code="1">0</subfield>
    <subfield code="2">ddc</subfield>
    <subfield code="4">0</subfield>
    <subfield code="7">0</subfield>
    <subfield code="8">CD</subfield>
    <subfield code="a">BPMET</subfield>
    <subfield code="b">BPMET</subfield>
    <subfield code="d">2015-05-11</subfield>
    <subfield code="l">0</subfield>
    <subfield code="o">BPMSU CD 972.93053   D559u</subfield>
    <subfield code="p">BPMSU15051653</subfield>
    <subfield code="r">2015-05-11</subfield>
    <subfield code="w">2015-05-11</subfield>
    <subfield code="y">BK</subfield>
  </datafield>
  <datafield tag="952" ind1=" " ind2=" ">
    <subfield code="0">0</subfield>
    <subfield code="1">0</subfield>
    <subfield code="2">ddc</subfield>
    <subfield code="4">0</subfield>
    <subfield code="7">0</subfield>
    <subfield code="8">CD</subfield>
    <subfield code="a">BPMET</subfield>
    <subfield code="b">BPMET</subfield>
    <subfield code="d">2015-05-11</subfield>
    <subfield code="l">0</subfield>
    <subfield code="o">BPMSU CD 972.93053   D559u</subfield>
    <subfield code="p">BPMSU15051654</subfield>
    <subfield code="r">2015-05-11</subfield>
    <subfield code="t">e. 2</subfield>
    <subfield code="w">2015-05-11</subfield>
    <subfield code="y">BK</subfield>
  </datafield>
  <datafield tag="956" ind1=" " ind2=" ">
    <subfield code="a">VMATEO</subfield>
    <subfield code="b">10</subfield>
    <subfield code="c">20150511</subfield>
    <subfield code="l">BPMSU</subfield>
    <subfield code="h">00151</subfield>
  </datafield>
  <datafield tag="999" ind1=" " ind2=" ">
    <subfield code="c">7845</subfield>
    <subfield code="d">7845</subfield>
  </datafield>
</record>
